• 首页
  • 本馆介绍
  • 公告通知
  • 最新文献
  • 馆藏检索
  • 电子资源
  • 读者导购
  • 参考咨询
  • 我的图书馆
  • 登录
  • 详细信息显示
  • 放入我的书架
  • 预约/预借图书
  • 作者相关作品
  • 分类相关作品
  • 丛书相关作品
  • 出版社相关作品

书目信息

  • 表格格式
  • 工作单格式
  • 卡片格式
题名:
全新思维
    
 
作者: 平克 著 ;林娜 译
分册:  
出版信息: 北京   北京师范大学出版社  2006
页数: 194页
开本: 24cm
丛书名:
单 册:
中图分类: B848.5
科图分类:
主题词: 智力开发--方法 , 智力开发
电子资源:
ISBN: 978-7-303-08065-6
000 01131nam0 2200277 45
001 1029878714
005 20100428142828.46
010    @a978-7-303-08065-6@dCNY32.00
100    @a20100419e20072006em y0chiy50 ea
101 1  @achi@ceng
102    @aCN@b110000
105    @aa z 000yy
106    @ar
200 1  @a全新思维@AQuan Xin Si Wei@dA whole new mind: moving from the information age to the conceptual age@f(美)丹尼尔·平克(Daniel H. Pink)著@F( Mei ) Dan Ni Er· Ping Ke (Daniel H. Pink) Zhu@g林娜译@zeng
210    @a北京@c北京师范大学出版社@d2006@h2007
215    @a194页@c照片,图@d24cm
305    @a由企鹅集团旗下Riverhead图书公司授权出版
330    @a本书向我们展示了引领未来的六种基本的能力——设计感,故事感,交响能力,共情能力,娱乐感,探寻意义这些在信息时代常常被忽视和低估的能力。
510 1  @aWhole new mind : moving from the information age to the conceptual age@zeng
606 0  @a智力开发@x方法
606 0  @a智力开发
690    @aB848.5@v4
701  1 @a平克@APing Ke@g(Pink, Daniel H.)@4著
702  0 @a林娜@ALin Na@4译
801  0 @aCN@bTANGWEI@c20100428
905    @b0593598-602@dB848.5@e1019@f5
    
    全新思维=A whole new mind: moving from the information age to the conceptual age/(美)丹尼尔·平克(Daniel H. Pink)著/林娜译.-北京:北京师范大学出版社,2006(2007)
    194页:照片,图;24cm
    
    
    ISBN 978-7-303-08065-6:CNY32.00
    本书向我们展示了引领未来的六种基本的能力——设计感,故事感,交响能力,共情能力,娱乐感,探寻意义这些在信息时代常常被忽视和低估的能力。
●
相关链接 在E读中查询图书 在五车中查询图书 在当当中查询图书 在豆瓣中查询图书


正题名:全新思维     索取号:B848.5/1019         预约/预借

序号 登录号 条形码 馆藏地/架位号 状态 备注
1 0593598   205935988   第一样本阅览室/ [索取号:B848.5/1019] 在馆    
2 0593599   205935997   第一借阅区/ [索取号:B848.5/1019] 在馆    
3 0593600   205936004   第一借阅区/ [索取号:B848.5/1019] 在馆    
4 0593601   205936013   第一借阅区/ [索取号:B848.5/1019] 在馆    
5 0593602   205936022   第一借阅区/ [索取号:B848.5/1019] 在馆    
唐山师范学院图书馆 欢迎您!
大连网信软件有限公司© 版权所有